Statistics for Asian Canadians - Picture Quiz

Click here to take the quiz!

General Stats

  • This quiz has been taken 4 times
  • The average score is 4 of 12

Answer Stats

Answer% Correct
Keanu Reeves
100%
Sandra Oh
75%
David Suzuki
50%
Jagmeet Singh
50%
Simu Liu
50%
Tommy Chong
50%
Kris Wu
25%
Lilly Singh
25%
Olivia Chow
0%
Patrick Chan
0%
Rupi Kaur
0%
Russell Peters
0%

Score Distribution

Percentile by Number Answered

Percent of People with Each Score

Your Score History

You have not taken this quiz